News media in the Arab world :a study of 10 Arab and Muslim countries / (Record no. 2359)

000 -LEADER
fixed length control field 02328cam a2200409 i 4500
001 - CONTROL NUMBER
control field 17624207
003 - CONTROL NUMBER IDENTIFIER
control field OSt
005 - DATE AND TIME OF LATEST TRANSACTION
control field 20160713111202.0
008 - FIXED-LENGTH DATA ELEMENTS--GENERAL INFORMATION
fixed length control field 130213s2013 nyu b 001 0 eng
010 ## - LIBRARY OF CONGRESS CONTROL NUMBER
LC control number 2012050838
020 ## - INTERNATIONAL STANDARD BOOK NUMBER
International Standard Book Number 9781441114075 (hardcover : alk. paper)
020 ## - INTERNATIONAL STANDARD BOOK NUMBER
International Standard Book Number 9781441174666 (pbk. : alk. paper)
020 ## - INTERNATIONAL STANDARD BOOK NUMBER
Cancelled/invalid ISBN 9781441102393 (e-PDF)
020 ## - INTERNATIONAL STANDARD BOOK NUMBER
Cancelled/invalid ISBN 9781441144881 (e-Pub)
040 ## - CATALOGING SOURCE
Original cataloging agency DLC
Language of cataloging eng
Transcribing agency DLC
Modifying agency DLC
Description conventions rda
042 ## - AUTHENTICATION CODE
Authentication code pcc
043 ## - GEOGRAPHIC AREA CODE
Geographic area code ma-----
050 00 - LIBRARY OF CONGRESS CALL NUMBER
Classification number PN5359.N49 2013
082 00 - DEWEY DECIMAL CLASSIFICATION NUMBER
Classification number 073.927
Edition number 23
245 00 - TITLE STATEMENT
Title News media in the Arab world :a study of 10 Arab and Muslim countries /
Statement of responsibility, etc edited by Barrie Gunter and Roger Dickinson.
260 ## - PUBLICATION, DISTRIBUTION, ETC. (IMPRINT)
Place of publication, distribution, etc USA
Name of publisher, distributor, etc Bloomsbury
Date of publication, distribution, etc c2013.
300 ## - PHYSICAL DESCRIPTION
Extent viii, 199 pages ;
Dimensions 23 cm
504 ## - BIBLIOGRAPHY, ETC. NOTE
Bibliography, etc Includes bibliographical references and index.
505 0# - FORMATTED CONTENTS NOTE
Formatted contents note The changing nature of news in the Arab world / Barrie Gunter and Roger Dickinson -- Evolving news systems in the Gulf countries / Khalid Aljaber and Barrie Gunter -- News in Iraq / Ahmed Al-Rawi and Barrie Gunter -- The development of the Palestinian news media / Zaki Nussibeh and Roger Dickinson -- News consumption and news agendas in Egypt / Hamza Mohammed and Barrie Gunter -- The changing news landscape of Libya / Mokhtar Elareshi and Julian Matthews -- News developments and changes to news consumption patterns in the Arab world / Khalid Al-Jaber and Barrie Gunter -- News media and political socialization of young people: The case of Bahrain / Ebrahim Al-Shaikh and Vincent Campbell -- What is the future for news in the Arab world? / Roger Dickinson and Barrie Gunter.
650 #0 - SUBJECT ADDED ENTRY--TOPICAL TERM
Topical term or geographic name as entry element Journalism
Geographic subdivision Arab countries.
650 #0 - SUBJECT ADDED ENTRY--TOPICAL TERM
Topical term or geographic name as entry element Press
Geographic subdivision Arab countries.
650 #0 - SUBJECT ADDED ENTRY--TOPICAL TERM
Topical term or geographic name as entry element Television broadcasting of news
Geographic subdivision Arab countries.
650 #0 - SUBJECT ADDED ENTRY--TOPICAL TERM
Topical term or geographic name as entry element Broadcast journalism
Geographic subdivision Arab countries.
650 #0 - SUBJECT ADDED ENTRY--TOPICAL TERM
Topical term or geographic name as entry element Reporters and reporting
Geographic subdivision Arab countries.
650 #0 - SUBJECT ADDED ENTRY--TOPICAL TERM
Topical term or geographic name as entry element Journalism
General subdivision Objectivity
Geographic subdivision Arab countries.
650 #0 - SUBJECT ADDED ENTRY--TOPICAL TERM
Topical term or geographic name as entry element Mass media
Geographic subdivision Arab countries.
700 1# - ADDED ENTRY--PERSONAL NAME
Personal name Gunter, Barrie
Relator term editor of compilation.
700 1# - ADDED ENTRY--PERSONAL NAME
Personal name Dickinson, Roger,
Dates associated with a name 1956-
Relator term editor of compilation.
906 ## - LOCAL DATA ELEMENT F, LDF (RLIN)
a 7
b cbc
c orignew
d 1
e ecip
f 20
g y-gencatlg
942 ## - ADDED ENTRY ELEMENTS (KOHA)
Source of classification or shelving scheme
Koha item type Book
Holdings
Withdrawn status Lost status Source of classification or shelving scheme Damaged status Not for loan Home library Current library Shelving location Date acquired Total Checkouts Full call number Barcode Date last seen Copy number Price effective from Koha item type
          Riara University Library Riara University Library General stack 13/07/2016   PN5359.N49 2013 7366/16 13/07/2016 C.1 13/07/2016 Book

Riara University Library,
P.O. Box 49940-00100,
Nairobi, Kenya.